01266nam a2200241 a 450000100100000000500170001000800410002704000250006808200140009310000310010724500520013826000810019030000170027150000350028804900090032395201230033295201080045595201080056395201140067195201080078595201140089399900170100700002484620200930023414.0110207s1985 dr 000 0 spa d aDO-SdBNPbspacBNPHU axxxbO77c1 aOrtíz, S. Salvador9793010aComentarios económico /cS. Salvador Ortíz. a[Santo Domingo] :bCentro de Estudios Monetarios y Bancarios (CEMYB),c1985. av. ;c22 cm. aLa biblioteca posee el tomo II aBNPD 001054708PDaGRbGRcHDd2015-04-22iLF1l0ov. 3, e. 3p24846-90r2020-06-25w2020-06-25yLFPDZPréstamo en sala 0010718PDaPDbPDcHDd2011-02-07iLF1l0ov. 1p24846-10r2020-06-25w2020-06-25yLFPDZNo se presta 0010718PDaPDbPDcHDd2011-02-09iLF1l0ov. 2p24846-50r2020-06-25w2020-06-25yLFPDZNo se presta 0010718PDaPDbPDcHDd2011-02-09iLF1l0ov. 2, e. 2p24846-60r2020-06-25w2020-06-25yLFPDZNo se presta 0010718PDaPDbPDcHDd2015-02-19iLF1l0ov. 3p24846-70r2020-06-25w2020-06-25yLFPDZNo se presta 0010718PDaPDbPDcHDd2015-04-22iLF1l0ov. 3, e. 2p24846-80r2020-06-25w2020-06-25yLFPDZNo se presta c24339d24339